LEADER 01099nam a2200265 4500 001 000000336396 003 CaOOAMICUS 005 20240318125548.0 008 190906s2006 it 000 u ita r 020 $a88-304-2280-0 040 $aSeMil$bita 100 1 $aMoro, Andrea.$0(OLS)http://semarc/name/110203 245 12$aI confini di Babele / $cAndrea Moro ; nota introduttiva di Noam Chomsky. 264 1$aMilano :$bLonganesi,$c2006. 300 $a308 p. ;$c21 cm. 490 1 $aLa lente di Galileo ;$v35 500 $aIn copertina: il cervello e il mistero delle lingue impossibili 700 1 $aChomsky, Noam <1928- >.$0(OLS)http://semarc/name/6379 830 3$aLa lente di Galileo ;$v35.$0(OLS)http://semarc/title/425669 850 $aSeMil 852 $aSeMil$W1$xVenegono$y1$m3X IV 97$j216886$B228932$CSeMilBibl$Z2$F228932 $81 996 $6020$a88-304-2280-0$9(OLS)http://semarc/number/288636 996 $6245$aI confini di Babele / $9(OLS)http://semarc/title/425672 996 $6264$aMilano :$bLonganesi$9(OLS)http://semarc/publisher/30008 LEADER 01477nam a2200253 i 4500 001 000000039616 003 CaOOAMICUS 005 20100720000000.0 008 100720s1972 sz u000 u ger u 013 $a10362 040 $aSeMil$bita 100 1 $aKraemer, Michael.$0(OLS)http://semarc/name/19249 245 14$aDas Rätsel der Parabel vom ungerechten Verwalter (Lk 16,1-13) :$bauslegungsgeschichte, Umfang, Sinn : eine Diskussion der Probleme und Lösungsvorschläge der Verwalterparabel von den Vätern bis Heute /$cMichael Kraemer. 260 $aZürich :$bPAS Verlag,$c1972. 300 $aXI, 303 p. ;$c24 cm. 490 0 $aBiblioteca di scienze religiose ;$v5 650 4$aBibbia. Nuovo Testamento. Vangelo secondo Luca - Commentari, studi, critica, interpretazioni.$0(OLS)http://semarc/subject/142 650 4$aBibbia. Nuovo Testamento. Vangelo secondo Matteo - Parabole.$0(OLS)http://semarc/subject/8208 830 0$aBiblioteca di scienze religiose ;$v5.$0(OLS)http://semarc/title/239 850 $aSeMil 852 $aSeMil$W1$xVenegono$y1$m2UA C 5$j228447$B5771$CSeMilBibl$Z2$F5771 $81 961 $aAcquisto: Distributore 996 $6245$aDas Rätsel der Parabel vom ungerechten Verwalter (Lk 16,1-13) :$bauslegungsgeschichte, Umfang, Sinn : eine Diskussion der Probleme und Lösungsvorschläge der Verwalterparabel von den Vätern bis Heute$9(OLS)http://semarc/title/56520 996 $6260$aZürich :$bPAS Verlag$9(OLS)http://semarc/publisher/29699